Statistics for Fifa 15 Highest Rated English Premier League Players

Click here to take the quiz!

General Stats

  • This quiz has been taken 7,115 times
  • The average score is 13 of 28

Answer Stats

HintAnswer% Correct
86Rooney
89%
86Aguero
79%
88Hazard
74%
83De Gea
68%
87Silva
65%
88Van Persie
65%
86Kompany
62%
83Terry
61%
85Cech
55%
86Ozil
54%
84Sanchez
54%
86Toure
53%
85Costa
52%
86Courtois
48%
88Falcao
46%
83Sturridge
45%
85Lloris
44%
84Fabregas
42%
86Di Maria
40%
85Mata
39%
84Oscar
33%
84Cazorla
28%
83Eriksen
28%
83Dzeko
24%
84Nasri
24%
83Ramsey
24%
83Navas
19%
83Mertesacker
18%

Score Distribution

Percentile by Number Answered

Percent of People with Each Score

Your Score History

You have not taken this quiz